Statistiques concernant Animaux fantastiques

Cliquez ici pour prendre le quiz!

Statistiques générales

  • Ce quiz a été pris 62 fois
  • Le résultat moyen est 9 sur 22

Statistiques - réponses

Descriptionréponse% Correct
se transforme lors des pleines lunesloup-garou
88%
cheval d'une blancheur immaculée, portant une corne à l'âge adultelicorne
86%
possède une tête, un torse et des bras d'humains attachés à un corps de chevalcentaure
80%
renait de ses cendresphénix
80%
possède la tête et les pattes antérieures d'un aigle géant mais le corps et les pattes arrières d'un liongriffon
63%
serpent d'un vert brillant qui peut atteindre une longueur de quinze mètrebasilic
61%
monstre grec très rare doté d'une tête de lion, d'un corp de chèvre et d'une queue de dragonchimère
59%
une prédilection sur tout ce qui brilleniffleur
39%
tête d'un aigle géant et le corps d'un chevalhippogriffe
37%
créature gardienne des arbres, présente principalement dans l'ouest de l'Angleterrebotruc
35%
possède une tête humaine, un corps de lion et une queue de scorpionmanticore
35%
monstrueuse araignée dotée de 8 yeux et de la faculté de parler comme les humainsAcromantule
33%
de forme sphérique, couvert d'une fourrure crème, c'est une créature docile qui ne voit aucun inconvénient à se faire câlinerboursouf
27%
animal nuisible qu'on trouve dans les jardins d'Europe du Nord et d'Amérique du Nordgnome
27%
petit créature décorative d'une intelligence médiocrefée
25%
créature d'une grande timidité ne sort que à la pleine luneveaudelune
25%
démon des eaux japonais qui vit dans les mares et les rivières peu profondeskappa
20%
oiseau maigre, d'apparence lugubre semblable à un petit vautour sous-alimentéaugurey
18%
grand animal africain de couleur grise, doté d'un pouvoir considérableéruptif
12%
créature semblable à un ratmurlap
12%
ressemble à un chat mais n'en est pas unfléreur
8%
lézard vert argenté qui peut atteindre une longueur de 25 mètresmoke
2%

Distribution des résultats

Percentile par nombre de réponses

% des personnes avec chaque résultat

Votre développement - résultats

Vous n’avez pas pris ce quiz